Referenčné hodnoty hospodárskej konvergencie a ich plnenie v štátoch strednej a východnej Európy

Hodnotenie stavu hospodárskej konvergencie 10 členských štátov Európskej únie, ktoré sa v plnej miere nezapojili do Hospodárskej a menovej únie a nezaviedli euro. Na základe hodnotenia splnenia jednotlivých konvergenčných kritérií hodnotí sa stupeň udržateľnej hospodárskej konvergencie posudzovaných...

Full description

Saved in:
Bibliographic Details
Main Author: Jankovská, Anežka
Format: Book Chapter
Language:Slovak
Subjects:
Tags: Add Tag
No Tags, Be the first to tag this record!

MARC

LEADER 00000nla$a2200000$$$4500
001 0090457
005 20240502072018.4
041 0 |a slo 
044 |a SK 
245 1 0 |a Referenčné hodnoty hospodárskej konvergencie a ich plnenie v štátoch strednej a východnej Európy  |c Anežka Jankovská 
520 |a Hodnotenie stavu hospodárskej konvergencie 10 členských štátov Európskej únie, ktoré sa v plnej miere nezapojili do Hospodárskej a menovej únie a nezaviedli euro. Na základe hodnotenia splnenia jednotlivých konvergenčných kritérií hodnotí sa stupeň udržateľnej hospodárskej konvergencie posudzovaných štátov a ich možností zaviesť jednotnú menu euro. Dôraz sa kladie na hodnotenie hospodárskej konvergencie v Slovenskej republike. Porovnáva sa úroveň referenčných hodnôt vo vybraných rokoch dôležitých pre vstup pôvodných členov EMÚ s ich súčasnou úrovňou. 
610 2 0 |a konvergencia 
610 2 0 |a stabilita cien 
610 2 0 |a správa verejná 
610 2 0 |a kurz menový 
610 2 0 |a ERM 
100 1 |a Jankovská, Anežka